| 000 | 00502nam a22001217a 4500 | ||
|---|---|---|---|
| 082 | _a200 THE | ||
| 100 |
_aNS SYED ASHFAQ HUSNAIN _969964 |
||
| 245 | _aTH-SOF-1359-IMPACT OF EMPLOYEE EMOTIONAL INTELLIGENCE (EI) ON AFFECTIVE COMMITMENT (AC) AND ORGANIZATIONAL CITIZENSHIP BEHAVIOR (OCB) IN PAKISTAN A MEDIATING ROLE OF EMPLOYEE SATISFACTION | ||
| 260 |
_aIslamabad _bNUST College of EME _c2107 |
||
| 650 |
_aMS-EM-9 MSTHESIS _969389 |
||
| 700 |
_aSupervisor Dr. Faheem Qaisar Jamal _969764 |
||
| 942 | _cCF | ||
| 999 |
_c577033 _d577033 |
||